• 首页
  • 本馆介绍
  • 公告通知
  • 最新文献
  • 馆藏检索
  • 电子资源
  • 读者导购
  • 参考咨询
  • 我的图书馆
  • 登录
  • 详细信息显示
  • 放入我的书架
  • 预约/预借图书
  • 作者相关作品
  • 分类相关作品
  • 丛书相关作品
  • 出版社相关作品

书目信息

  • 表格格式
  • 工作单格式
  • 卡片格式
题名:
当仓央嘉措遇见纳兰容若
    
 
作者: 随园散人 著
分册:  
出版信息: 长沙   湖南人民出版社  2019
页数: 300页
开本: 21cm
丛书名:
单 册:
中图分类: I207.2 , B949.92
科图分类:
主题词: 词人--ci ren--研究--中国--清代 , 古典诗歌--gu dian shi ge--研究--中国--清代
电子资源:
ISBN: 978-7-5561-2126-7
000 01453nam0 2200313 450
001 438817
005 20140102133807.0
010    @a978-7-5561-2126-7@dCNY45.00
099    @aCAL 012019073315
100    @a20190309d2019 em y0chiy50 ea
101 0  @achi
102    @aCN@b430000
105    @ay z 000gb
106    @ar
200 1  @a当仓央嘉措遇见纳兰容若@Adang cang yang jia cuo yu jian na lan rong ruo@f随园散人著
210    @a长沙@c湖南人民出版社@d2019
215    @a300页@d21cm
314    @a随园散人, 诗人, 作家。生于陕西榆林, 毕业于北京航空航天大学。
330    @a“如果你在不经意间推开历史的门, 走进去, 停步于三百多年前, 你会蓦然间看到两个身影, 孤寂而清俊, 冷落而优雅, 他们就像是沙漠中的两片叶, 尘埃里的两朵花, 盛开在那时恢弘的画卷、喧嚣的人海里。即使时空再遥远, 你总能穿过历史的长河, 清晰地看到他们, 因为你的手中和心中, 有他们的诗句和情怀。”他们, 一个是人间多情种, 一个是世间情郎。在三百多年后, 穿越时间与空间, 一起去见证这一场极具诗意的相遇。在孤独与悲凉中感悟命运, 在诗性与情衷中体会深情, 在纯净与真实中感叹人生。
333    @a文学爱好者
600  0 @a仓央嘉措,@Acang yang jia cuo@f1683-1706@x传记
600  0 @a纳兰性德,@Ana lan xing de@f1654-1685@x传记
606 0  @a词人@Aci ren@x研究@y中国@z清代
606 0  @a古典诗歌@Agu dian shi ge@x研究@y中国@z清代
690    @aI207.2@v5
690    @aB949.92@v5
701  0 @a随园散人@Asui yuan san ren@4著
801  0 @aCN@b上海新华@c20191020
905    @b1186554-7@dI207.2@e1215@f4
    
    当仓央嘉措遇见纳兰容若/随园散人著.-长沙:湖南人民出版社,2019
    300页;21cm
    使用对象:文学爱好者
    
    ISBN 978-7-5561-2126-7:CNY45.00
    “如果你在不经意间推开历史的门, 走进去, 停步于三百多年前, 你会蓦然间看到两个身影, 孤寂而清俊, 冷落而优雅, 他们就像是沙漠中的两片叶, 尘埃里的两朵花, 盛开在那时恢弘的画卷、喧嚣的人海里。即使时空再遥远, 你总能穿过历史的长河, 清晰地看到他们, 因为你的手中和心中, 有他们的诗句和情怀。”他们, 一个是人间多情种, 一个是世间情郎。在三百多年后, 穿越时间与空间, 一起去见证这一场极具诗意的相遇。在孤独与悲凉中感悟命运, 在诗性与情衷中体会深情, 在纯净与真实中感叹人生。
●
相关链接 在E读中查询图书 在五车中查询图书 在当当中查询图书 在豆瓣中查询图书


正题名:当仓央嘉措遇见纳兰容若     索取号:I207.2/1215         预约/预借

序号 登录号 条形码 馆藏地/架位号 状态 备注
1 1186554   211865542   第一样本阅览室/ [索取号:I207.2/1215] 在馆    
2 1186555   211865551   第二借阅区/ [索取号:I207.2/1215] 在馆    
3 1186556   211865560   第二借阅区/ [索取号:I207.2/1215] 在馆    
4 1186557   211865579   第二借阅区/ [索取号:I207.2/1215] 在馆    
唐山师范学院图书馆 欢迎您!
大连网信软件有限公司© 版权所有